• 首页
  • 本馆介绍
  • 公告通知
  • 最新文献
  • 馆藏检索
  • 电子资源
  • 读者导购
  • 参考咨询
  • 我的图书馆
  • 登录
  • 详细信息显示
  • 放入我的书架
  • 预约/预借图书
  • 作者相关作品
  • 分类相关作品
  • 丛书相关作品
  • 出版社相关作品

书目信息

  • 表格格式
  • 工作单格式
  • 卡片格式
题名:
中国国家标准汇编
    
 
作者: ;中国标准出版社 编
分册: 2015年修订-14  
出版信息: 北京   中国标准出版社  2016.10
页数: 561页
开本: 30cm
丛书名:
单 册:
中图分类: T-652.1
科图分类:
主题词: 国家标准--中国--2015--汇编
电子资源:
ISBN: 978-7-5066-8361-6
000 00788nam0 2200217 450
001 1303
005 20180929081106.89
010    @a978-7-5066-8361-6@b精装@dCNY220.00
100    @a20180412d2016 em y0chiy50 ea
101 0  @achi
102    @aCN@b110000
105    @aa l 000yy
200 1  @a中国国家标准汇编@9zhong guo guo jia biao zhun hui bian@h2015年修订-14@f中国标准出版社编
210    @a北京@c中国标准出版社@d2016.10
215    @a561页@c图@d30cm
330    @a本书收入新修订的国家标准25项,内容包括摩托车轮輞系列、青刀豆罐头、金属显微组织检验方法、蚕豆罐头、核电厂控制室设计等内容。
606 0  @a国家标准@y中国@z2015@j汇编
690    @aT-652.1@v5
711 02 @a中国标准出版社@9zhong guo biao zhun chu ban she@4编
801  0 @aCN@b91MARC@c20180412
905    @aMuseLib@dT-652.1@e108
    
    中国国家标准汇编.2015年修订-14/中国标准出版社编.-北京:中国标准出版社,2016.10
    561页:图;30cm
    
    
    ISBN 978-7-5066-8361-6(精装):CNY220.00
    本书收入新修订的国家标准25项,内容包括摩托车轮輞系列、青刀豆罐头、金属显微组织检验方法、蚕豆罐头、核电厂控制室设计等内容。
●
相关链接 在E读中查询图书 在五车中查询图书 在当当中查询图书 在豆瓣中查询图书


正题名:中国国家标准汇编     索取号:T-652.1/108         预约/预借

序号 登录号 条形码 馆藏地/架位号 状态 备注
1 1122081   211220819   第二样本阅览室/ [索取号:T-652.1/108] 在馆    
2 1122082   211220828   密集书库-生命科学系/ [索取号:T-652.1/108] 在馆    
唐山师范学院图书馆 欢迎您!
大连网信软件有限公司© 版权所有